| 000 | 00484nam a22001697a 4500 | ||
|---|---|---|---|
| 005 | 20180820123515.0 | ||
| 008 | 160628b xxu||||| |||| 00| 0 eng d | ||
| 020 | _a81-259-0219-8 | ||
| 041 | _aeng | ||
| 082 |
_b10709 _a658.4012 |
||
| 100 |
_aRomNarayan, S. and Pandey, I.M. _93024 |
||
| 245 | _aStratigic Management of Public Enterprises in Developing contries | ||
| 260 |
_aNew Delhi _bVikas Publishing House, _c1997 |
||
| 300 | _a320p, | ||
| 650 |
_aManagement _9241 |
||
| 942 | _cBK | ||
| 999 |
_c4372 _d4371 |
||